Electronics : (Record no. 175859)

000 -LEADER
fixed length control field 01264 a2200229 4500
003 - CONTROL NUMBER IDENTIFIER
control field Nust
005 - DATE AND TIME OF LATEST TRANSACTION
control field 20221124165156.0
010 ## - LIBRARY OF CONGRESS CONTROL NUMBER
LC control number 80013937
020 ## - INTERNATIONAL STANDARD BOOK NUMBER
International Standard Book Number 0471801828
040 ## - CATALOGING SOURCE
Transcribing agency Nust
082 00 - DEWEY DECIMAL CLASSIFICATION NUMBER
Classification number 621.38132,SMI
100 1# - MAIN ENTRY--PERSONAL NAME
Personal name Smith, Ralph Judson.
9 (RLIN) 101469
245 10 - TITLE STATEMENT
Title Electronics :
Remainder of title circuits and devices /
Statement of responsibility, etc. Ralph J. Smith.
250 ## - EDITION STATEMENT
Edition statement 2nd ed. /
260 ## - PUBLICATION, DISTRIBUTION, ETC.
Place of publication, distribution, etc. New York :
Name of publisher, distributor, etc. Wiley,
Date of publication, distribution, etc. c1980.
300 ## - PHYSICAL DESCRIPTION
Extent xiii, 494 p. :
Other physical details ill. ;
Dimensions 24 cm.
505 ## - FORMATTED CONTENTS NOTE
Formatted contents note Electrical Quantities (Page-1), Circuit Principles (Page-27), Signal Waveforms (Page-59), Physical Electronics (Page-97), Semiconductor Diodes (Page-129), Transistors and Integrated Circuits (Page-151), Diode Applications (Page-171), Digital Devices (Page-201), Logic Circuits (Page-223), Alternating Current Circuits (Page-243), Audio frequency Power Amplifiers (Page-277), Small Signal Models (Page-307), Small Signal Amplifiers (Page-335), Feedback Amplifiers (Page-357), Operational Amplifiers (Page-381), Instruments (Page-413).
650 #0 - SUBJECT ADDED ENTRY--TOPICAL TERM
Topical term or geographic name entry element Telecommunication engineering
856 42 - ELECTRONIC LOCATION AND ACCESS
Materials specified Publisher description
Uniform Resource Identifier <a href="http://www.loc.gov/catdir/enhancements/fy0607/80013937-d.html">http://www.loc.gov/catdir/enhancements/fy0607/80013937-d.html</a>
856 42 - ELECTRONIC LOCATION AND ACCESS
Materials specified Table of contents only
Uniform Resource Identifier <a href="http://www.loc.gov/catdir/enhancements/fy0607/80013937-t.html">http://www.loc.gov/catdir/enhancements/fy0607/80013937-t.html</a>
942 ## - ADDED ENTRY ELEMENTS (KOHA)
Source of classification or shelving scheme
Koha item type Book
Holdings
Withdrawn status Lost status Source of classification or shelving scheme Damaged status Not for loan Permanent Location Current Location Shelving location Date acquired Full call number Barcode Date last seen Price effective from Koha item type Public note
          Military College of Signals (MCS) Military College of Signals (MCS) General Stacks 12/12/2016 621.38132,SMI MCS5159 12/08/2016 12/12/2016 Book Almirah No.32, Shelf No.4
          Military College of Signals (MCS) Military College of Signals (MCS) General Stacks 12/12/2016 621.38132,SMI MCS5160 12/08/2016 12/12/2016 Book Almirah No.32, Shelf No.4
© 2023 Central Library, National University of Sciences and Technology. All Rights Reserved.